[Event "New Delhi op 19th"]
[Site "New Delhi"]
[Date "2022.03.23"]
[Round "2"]
[White "Mosadeghpour, Masoud"]
[Black "Palit, Somak"]
[Result "1-0"]
[WhiteElo "2511"]
[BlackElo "2300"]
[PlyCount "89"]
[EventDate "2022.03.22"]
[EventType "swiss"]
[EventRounds "10"]
[EventCountry "IND"]
[SourceTitle "CBM 207 Extra"]
[Source "ChessBase"]
[SourceDate "2022.05.31"]
[SourceVersion "1"]
[SourceVersionDate "2022.05.31"]
[SourceQuality "1"]

1. e4 g6 2. d4 Bg7 3. Nc3 d5 4. Nxd5 c6 5. Ne3 Qd6 6. d5 Qxd5 7. Qd3 Qd4 8. Qxd4 Bxd4 9. Nf3 Bg7 10. e5 Nd7 11. Nc4 Nb6 12. Be3 Nd5 13. Bd2 Bh6 14. Ng5 f6 15. exf6 exf6 16. Ne4 Bxd2+ 17. Kxd2 Nh6 18. Ncd6+ Ke7 19. c4 f5 20. cxd5 fxe4 21. Nxe4 cxd5 22. Nc3 Be6 23. Bd3 Rhd8 24. Rhe1 Kf6 25. Nb5 Rd7 26. Rac1 Bf7 27. Nd4 a6 28. h3 Re8 29. g4 Rde7 30. f4 Kg7 31. Rxe7 Rxe7 32. g5 Ng8 33. f5 Re5 34. Nf3 Re8 35. f6+ Nxf6 36. gxf6+ Kxf6 37. Rc7 Re7 38. Rxe7 Kxe7 39. a4 Kd6 40. a5 h6 41. h4 Kc5 42. Kc3 Be8 43. b4+ Kd6 44. Kd4 Ke6 45. Bc2 1-0

[Event "IND-ch Challengers 54th"]
[Site "Noida"]
[Date "2016.07.10"]
[Round "3"]
[White "Kulkarni, Vinayak"]
[Black "Palit, Somak"]
[Result "1-0"]
[WhiteElo "2168"]
[BlackElo "2365"]
[PlyCount "55"]
[EventDate "2016.07.09"]
[EventType "swiss"]
[EventRounds "13"]
[EventCountry "IND"]
[SourceTitle "CBM 173 Extra"]
[Source "ChessBase"]
[SourceDate "2016.08.29"]
[SourceVersion "1"]
[SourceVersionDate "2016.08.29"]
[SourceQuality "1"]

1. d4 Nf6 2. c4 c5 3. d5 e6 4. Nc3 exd5 5. cxd5 Bd6 6. Nf3 0-0 7. Bg5 Re8 8. e3 a6 9. a4 h6 10. Bh4 Qe7 11. Bc4 Bc7 12. d6 Qxd6 13. Qxd6 Bxd6 14. Bxf6 gxf6 15. Nd5 Rd8 16. 0-0-0 Be5 17. Nxe5 fxe5 18. Nb6 Ra7 19. Rd6 Kg7 20. Rhd1 Nc6 21. R1d5 f6 22. Rxc5 Re8 23. Bd5 Kg6 24. Be4+ Kf7 25. Nxc8 Rxc8 26. Rxd7+ Ke6 27. Bxc6 Raa8 28. Rxb7 1-0

[Event "New Delhi Parsvnath op 14th"]
[Site "New Delhi"]
[Date "2016.01.10"]
[Round "3"]
[White "Demchenko, Anton"]
[Black "Palit, Somak"]
[Result "1-0"]
[WhiteElo "2596"]
[BlackElo "2357"]
[PlyCount "181"]
[EventDate "2016.01.09"]
[EventType "swiss"]
[EventRounds "10"]
[EventCountry "IND"]
[SourceTitle "CBM 170 Extra"]
[Source "ChessBase"]
[SourceDate "2016.02.25"]
[SourceVersion "1"]
[SourceVersionDate "2016.02.25"]
[SourceQuality "1"]

1. e4 d5 2. exd5 Qxd5 3. Nc3 Qa5 4. d4 Nf6 5. Bc4 c6 6. Bd2 Qb6 7. Nf3 Bf5 8. Qe2 e6 9. 0-0-0 Nbd7 10. Nh4 Bg6 11. Nxg6 hxg6 12. Bg5 0-0-0 13. h4 Qc7 14. Kb1 Nb6 15. Bb3 Be7 16. Qf3 Rd7 17. Ne2 Rhd8 18. c3 c5 19. dxc5 Qxc5 20. Rxd7 Rxd7 21. Be3 Qf5+ 22. Qxf5 gxf5 23. f3 Nbd5 24. Bf2 b6 25. Re1 Bc5 26. Bxc5 bxc5 27. Nc1 Nf4 28. g3 Nd3 29. Re3 Nxc1 30. Kxc1 Kc7 31. Bc4 Rd8 32. Kc2 Rh8 33. f4 Rh6 34. Be2 Rg6 35. a3 Ne4 36. g4 Rh6 37. h5 Rh8 38. Bf3 Nd6 39. g5 Ne4 40. Re2 Kd6 41. Kd3 Ng3 42. Rd2 e5 43. Kc4+ Ke6 44. fxe5 Kxe5 45. Rd7 Kf4 46. Bd1 Ne4 47. g6 fxg6 48. hxg6 Kg5 49. Rxg7 Rb8 50. Rxa7 Kxg6 51. b4 cxb4 52. cxb4 Rc8+ 53. Kb3 Rc3+ 54. Kb2 Rc8 55. Rd7 Kf6 56. Bc2 Ke6 57. Rd1 Ke5 58. a4 Nd6 59. Bd3 f4 60. b5 f3 61. Rf1 Rf8 62. Kc3 Ne4+ 63. Bxe4 Kxe4 64. Kb4 Kd5 65. Rd1+ Ke6 66. a5 f2 67. a6 f1Q 68. Rxf1 Rxf1 69. a7 Ra1 70. b6 Kd7 71. b7 Rxa7 72. b8Q Rc7 73. Kb5 Rc6 74. Qb7+ Rc7 75. Qe4 Kd8 76. Kb6 Rd7 77. Qe5 Re7 78. Qf5 Ke8 79. Kc6 Rf7 80. Qg5 Rf6+ 81. Kc7 Ke7 82. Qe5+ Kf7 83. Kd7 Rg6 84. Qf5+ Kg7 85. Ke7 Kh8 86. Qe5+ Kg8 87. Qd4 Rg5 88. Kf6 Rg7 89. Qd5+ Kh7 90. Qh1+ Kg8 91. Qh5 1-0

[Event "IND-ch Challengers 53rd"]
[Site "Nagpur"]
[Date "2015.08.26"]
[Round "12"]
[White "Lalith, Babu MR"]
[Black "Palit, Somak"]
[Result "1-0"]
[WhiteElo "2570"]
[BlackElo "2345"]
[PlyCount "57"]
[EventDate "2015.08.17"]
[EventType "swiss"]
[EventRounds "13"]
[EventCountry "IND"]
[SourceTitle "EXT 2016"]
[Source "ChessBase"]
[SourceDate "2015.10.08"]
[SourceVersion "1"]
[SourceVersionDate "2015.10.08"]
[SourceQuality "1"]

1. d4 d5 2. Nf3 Nc6 3. c4 Bg4 4. Nc3 e6 5. Bf4 Bxf3 6. gxf3 Bd6 7. Bg3 Nge7 8. e3 Qd7 9. Qa4 f5 10. 0-0-0 f4 11. c5 fxg3 12. hxg3 Bxg3 13. fxg3 Nf5 14. Bd3 0-0-0 15. Bxf5 exf5 16. e4 fxe4 17. fxe4 Kb8 18. exd5 Ne7 19. c6 bxc6 20. dxc6 Nxc6 21. Nb5 Qd5 22. Kb1 Kb7 23. Rh4 g5 24. Rh6 Rhe8 25. Nc3 Qf5+ 26. Kc1 Rd7 27. d5 Nb8 28. Qc4 Re5 29. Rf1 1-0

[Event "IND-ch Challengers 53rd"]
[Site "Nagpur"]
[Date "2015.08.20"]
[Round "5"]
[White "Palit, Somak"]
[Black "Neelotpal, Das"]
[Result "0-1"]
[WhiteElo "2345"]
[BlackElo "2448"]
[PlyCount "68"]
[EventDate "2015.08.17"]
[EventType "swiss"]
[EventRounds "13"]
[EventCountry "IND"]
[SourceTitle "EXT 2016"]
[Source "ChessBase"]
[SourceDate "2015.10.08"]
[SourceVersion "1"]
[SourceVersionDate "2015.10.08"]
[SourceQuality "1"]

1. Nf3 Nf6 2. b3 d5 3. Bb2 Bf5 4. e3 e6 5. Be2 h6 6. c4 c6 7. 0-0 Be7 8. d3 0-0 9. Nbd2 a5 10. a3 Na6 11. Ne5 Bh7 12. Ndf3 Nc5 13. b4 Ncd7 14. Bc3 Nxe5 15. Nxe5 dxc4 16. Nxc4 Nd5 17. Qb3 axb4 18. axb4 Rxa1 19. Rxa1 Bxd3 20. Bxd3 Nxc3 21. Bf1 Nb5 22. Rd1 Qc7 23. Na3 Na7 24. Nc4 Rd8 25. Rxd8+ Qxd8 26. Na3 Qb6 27. g3 Nb5 28. Nc2 g6 29. Qa4 Qd8 30. Na3 Nc3 31. Qb3 Qd2 32. Nc4 Qe1 33. Ne5 Ne4 34. Nd3 Qxf1+ 0-1

[Event "Vlissingen HZ op 19th"]
[Site "Vlissingen"]
[Date "2015.08.08"]
[Round "9"]
[White "Das, Arghyadip"]
[Black "Palit, Somak"]
[Result "1/2-1/2"]
[WhiteElo "2485"]
[BlackElo "2345"]
[PlyCount "47"]
[EventDate "2015.08.01"]
[EventType "swiss"]
[EventRounds "9"]
[EventCountry "NED"]
[SourceTitle "CBM 167 Extra"]
[Source "ChessBase"]
[SourceDate "2015.09.14"]
[SourceVersion "1"]
[SourceVersionDate "2015.09.14"]
[SourceQuality "1"]

1. e4 d6 2. Nc3 e5 3. Bc4 Nf6 4. d3 Be7 5. f4 exf4 6. Bxf4 Be6 7. Bb3 0-0 8. Nf3 d5 9. exd5 Nxd5 10. Nxd5 Bxd5 11. 0-0 Bxb3 12. axb3 Nc6 13. d4 Bd6 14. Bxd6 Qxd6 15. c3 a6 16. Qc2 Rae8 17. Rae1 f6 18. Nd2 a5 19. Re4 Rxe4 20. Qxe4 Qd7 21. Qf3 b6 22. Ne4 Ne7 23. Qd3 Ng6 24. Re1 1/2-1/2

[Event "Vlissingen HZ op 19th"]
[Site "Vlissingen"]
[Date "2015.08.06"]
[Round "7"]
[White "Goldie, Thomas"]
[Black "Palit, Somak"]
[Result "0-1"]
[WhiteElo "2067"]
[BlackElo "2345"]
[PlyCount "80"]
[EventDate "2015.08.01"]
[EventType "swiss"]
[EventRounds "9"]
[EventCountry "NED"]
[SourceTitle "CBM 167 Extra"]
[Source "ChessBase"]
[SourceDate "2015.09.14"]
[SourceVersion "1"]
[SourceVersionDate "2015.09.14"]
[SourceQuality "1"]

1. e4 b6 2. d4 Bb7 3. Bd3 c5 4. Nf3 cxd4 5. Nxd4 e6 6. 0-0 a6 7. Nc3 d6 8. Bc4 Qc8 9. Bb3 Nd7 10. Bxe6 fxe6 11. Nxe6 Ngf6 12. Bf4 Nc5 13. Nxf8 Kxf8 14. Qxd6+ Kf7 15. e5 Nfe4 16. Nxe4 Bxe4 17. Be3 Rb8 18. Bxc5 bxc5 19. Rfe1 Rd8 20. e6+ Kg8 21. Qe5 Bg6 22. e7 Re8 23. b3 Rb7 24. Qd6 Rd7 25. Qe6+ Bf7 26. Qh3 Qc7 27. Qc3 Rdxe7 28. Rxe7 Qxe7 29. Rd1 Qe2 30. Rf1 Re5 31. Qg3 h6 32. f4 Re3 33. Qf2 Bd5 34. c4 Be4 35. g3 Qd3 36. Re1 Rxe1+ 37. Qxe1 Qc2 38. Qf2 Qb1+ 39. Qf1 Qxa2 40. f5 Qb1 0-1

[Event "Vlissingen HZ op 19th"]
[Site "Vlissingen"]
[Date "2015.08.02"]
[Round "3"]
[White "Palit, Somak"]
[Black "Nicolai, Erik"]
[Result "1-0"]
[WhiteElo "2345"]
[BlackElo "2168"]
[PlyCount "127"]
[EventDate "2015.08.01"]
[EventType "swiss"]
[EventRounds "9"]
[EventCountry "NED"]
[SourceTitle "CBM 167 Extra"]
[Source "ChessBase"]
[SourceDate "2015.09.14"]
[SourceVersion "1"]
[SourceVersionDate "2015.09.14"]
[SourceQuality "1"]

1. d4 Nf6 2. Nc3 d6 3. e4 e5 4. Nf3 Nbd7 5. Bc4 Be7 6. 0-0 0-0 7. a4 c6 8. Re1 b6 9. Ba2 Bb7 10. Nh4 g6 11. dxe5 dxe5 12. Qf3 Ne8 13. Bh6 Ng7 14. Nf5 gxf5 15. Rad1 Bc8 16. exf5 Bg5 17. Qxc6 Rb8 18. Bxg5 Qxg5 19. Ne4 Qxf5 20. Nd6 Qf6 21. Nxc8 Rbxc8 22. Qxd7 Rxc2 23. Rd2 Rxd2 24. Qxd2 Ne6 25. Bxe6 fxe6 26. f3 Rd8 27. Qc3 Rd4 28. Qc8+ Kf7 29. Rc1 Rd8 30. Qb7+ Kg6 31. h3 Qf4 32. Re1 Qxa4 33. Qe7 Qd7 34. Qa3 Qd2 35. Re4 Rd4 36. Rxe5 Qc1+ 37. Kf2 Rd2+ 38. Kg3 Qc7 39. f4 Qc6 40. Rg5+ Kf7 41. Qxa7+ Qd7 42. Qb8 Qd8 43. Qe5 Qd3+ 44. Kh4 Qd4 45. Qc7+ Kf8 46. g3 h6 47. Re5 Qd6 48. Qxd6+ Rxd6 49. Kh5 Kg7 50. g4 Kh7 51. f5 exf5 52. Re7+ Kg8 53. gxf5 Rd2 54. b4 Rd4 55. Kg6 Kf8 56. f6 Rd3 57. Rb7 Rg3+ 58. Kxh6 Rxh3+ 59. Kg6 Rg3+ 60. Kf5 Rf3+ 61. Ke6 Re3+ 62. Kd5 Rf3 63. Rxb6 Kf7 64. Rd6 1-0

[Event "Vlissingen HZ op 19th"]
[Site "Vlissingen"]
[Date "2015.08.01"]
[Round "1"]
[White "Palit, Somak"]
[Black "Baete, Guy"]
[Result "1-0"]
[WhiteElo "2345"]
[BlackElo "1859"]
[PlyCount "99"]
[EventDate "2015.08.01"]
[EventType "swiss"]
[EventRounds "9"]
[EventCountry "NED"]
[SourceTitle "CBM 167 Extra"]
[Source "ChessBase"]
[SourceDate "2015.09.14"]
[SourceVersion "1"]
[SourceVersionDate "2015.09.14"]
[SourceQuality "1"]

1. e4 d6 2. d4 e5 3. Nf3 exd4 4. Nxd4 Nf6 5. Nc3 Be7 6. g3 0-0 7. Bg2 Nbd7 8. Nf5 Nc5 9. Nxe7+ Qxe7 10. 0-0 Bg4 11. Qd4 Qe5 12. Qe3 Qh5 13. h4 Rfe8 14. f3 Bd7 15. Qg5 Ne6 16. Qxh5 Nxh5 17. Kh2 b5 18. Bd2 a5 19. Nd5 Bc6 20. g4 Nf6 21. Nxf6+ gxf6 22. Bc3 Nf4 23. Bxf6 Nxg2 24. Kxg2 Re6 25. g5 h5 26. Rad1 Kh7 27. Rd4 Ree8 28. Rfd1 Rec8 29. Kf2 a4 30. f4 Ra6 31. f5 Rb8 32. Ke3 Rab6 33. Kf4 Re8 34. e5 d5 35. Rg1 Rg8 36. Rd3 b4 37. Be7 b3 38. cxb3 axb3 39. a3 Ra8 40. Rd4 Bb7 41. e6 fxe6 42. g6+ Kg8 43. f6 Ba6 44. Ra4 Rc6 45. Ke5 Rc8 46. f7+ Kg7 47. f8Q+ Rxf8 48. Bxf8+ Kxf8 49. g7+ Kg8 50. Rf4 1-0

[Event "Leiden op-A 9th"]
[Site "Leiden"]
[Date "2015.07.23"]
[Round "6"]
[White "Dellert, Lena"]
[Black "Palit, Somak"]
[Result "0-1"]
[WhiteElo "1835"]
[BlackElo "2360"]
[PlyCount "58"]
[EventDate "2015.07.17"]
[EventType "swiss"]
[EventRounds "9"]
[EventCountry "NED"]
[SourceTitle "CBM 167 Extra"]
[Source "ChessBase"]
[SourceDate "2015.09.14"]
[SourceVersion "1"]
[SourceVersionDate "2015.09.14"]
[SourceQuality "1"]

1. e4 g6 2. d4 Bg7 3. Nc3 c6 4. Be3 d5 5. Qd2 dxe4 6. Nxe4 Nd7 7. Nf3 Ngf6 8. Nxf6+ Nxf6 9. c3 0-0 10. Bd3 Ng4 11. Bf4 c5 12. Bc2 cxd4 13. cxd4 Nf6 14. 0-0 b6 15. Rfe1 Bb7 16. Ne5 Rc8 17. Rad1 Qd5 18. Nf3 Qxa2 19. Rxe7 Bxf3 20. gxf3 Nd5 21. Re2 Rxc2 22. Qxc2 Nxf4 23. Re3 Qd5 24. Qe4 Qg5+ 25. Kf1 Rc8 26. Rc3 Qg2+ 27. Ke1 Qg1+ 28. Kd2 Qxf2+ 29. Kc1 Ne2+ 0-1

[Event "Thailand op 15th"]
[Site "Pattaya"]
[Date "2015.04.14"]
[Round "4"]
[White "Gustafsson, Jan"]
[Black "Palit, Somak"]
[Result "1-0"]
[WhiteElo "2639"]
[BlackElo "2415"]
[PlyCount "83"]
[EventDate "2015.04.12"]
[EventType "swiss"]
[EventRounds "9"]
[EventCountry "THA"]
[SourceTitle "CBM 166 Extra"]
[Source "ChessBase"]
[SourceDate "2015.06.18"]
[SourceVersion "1"]
[SourceVersionDate "2015.06.18"]
[SourceQuality "1"]

1. Nf3 Nf6 2. c4 c5 3. d4 cxd4 4. Nxd4 g6 5. Nc3 Bg7 6. g3 d5 7. cxd5 Nxd5 8. Bg2 Nxc3 9. bxc3 0-0 10. 0-0 Nc6 11. Nxc6 bxc6 12. Be3 Be6 13. Bd4 Bd5 14. Bxg7 Kxg7 15. Qd4+ f6 16. Rfd1 Bxg2 17. Kxg2 Qxd4 18. cxd4 Rab8 19. Rdc1 Rb2 20. e3 e5 21. Rxc6 exd4 22. exd4 Rd8 23. Re1 Rd7 24. Ra6 f5 25. Rd1 Rc7 26. Rd3 Rcc2 27. Rxa7+ Kf6 28. Rf3 Rxa2 29. Rxh7 Rd2 30. Rd7 Ke6 31. Rb7 Ra6 32. Re3+ Kd5 33. Rd7+ Kc4 34. Re1 Raa2 35. Rc1+ Kd3 36. Rf1 g5 37. Rd5 f4 38. Rxg5 fxg3 39. hxg3 Kxd4 40. Rf5 Ke4 41. Rf4+ Ke5 42. Re1+ 1-0

[Event "Moscow Aeroflot op-B 14th"]
[Site "Moscow"]
[Date "2015.04.01"]
[Round "6"]
[White "Palit, Somak"]
[Black "Demianjuk, Alexander"]
[Result "1-0"]
[WhiteElo "2415"]
[BlackElo "2340"]
[PlyCount "147"]
[EventDate "2015.03.27"]
[EventType "swiss"]
[EventRounds "9"]
[EventCountry "RUS"]
[SourceTitle "CBM 165 Extra"]
[Source "ChessBase"]
[SourceDate "2015.04.21"]
[SourceVersion "1"]
[SourceVersionDate "2015.04.21"]
[SourceQuality "1"]

1. e4 c5 2. Nf3 e6 3. d3 Nc6 4. g3 Nge7 5. Bg2 g6 6. d4 cxd4 7. Nxd4 Bg7 8. Nb5 d5 9. exd5 exd5 10. Bf4 0-0 11. c3 Bf5 12. 0-0 a6 13. N5a3 Qd7 14. Nd2 Bh3 15. Bxh3 Qxh3 16. Nf3 Qg4 17. Nc2 Rad8 18. Re1 h6 19. Ncd4 Qc8 20. Qd2 Nf5 21. Be5 Nxe5 22. Nxe5 Rfe8 23. Qf4 Nd6 24. Ng4 h5 25. Rxe8+ Nxe8 26. Nh6+ Bxh6 27. Qxh6 Nc7 28. Rd1 Ne6 29. Qe3 Ng7 30. Qg5 Rd6 31. Re1 Ne6 32. Qf6 Nxd4 33. Qxd4 Re6 34. Re5 Rxe5 35. Qxe5 Qc6 36. h4 b5 37. Qd4 Qe6 38. Kg2 Qc6 39. Kf3 Qe6 40. Kf4 Qf5+ 41. Ke3 Qe6+ 42. Kd2 Qc6 43. Kc2 Kf8 44. Kb3 a5 45. Kc2 Kg8 46. Qa7 a4 47. Qd4 Kf8 48. b3 axb3+ 49. Kxb3 Kg8 50. Kb4 Qa8 51. Kb3 Qc6 52. a3 Qd6 53. Qa7 Qc6 54. Qb8+ Kg7 55. Qf4 Kg8 56. Kb4 Qa8 57. Kxb5 Qxa3 58. Qb4 Qa7 59. Qd4 Qc7 60. f4 Qc8 61. Kb6 Qd8+ 62. Kc6 Qa8+ 63. Kd6 Qd8+ 64. Ke5 Kg7 65. Qxd5 Qf6+ 66. Ke4 Qxc3 67. Qe5+ Qxe5+ 68. Kxe5 Kf8 69. Kf6 Kg8 70. f5 gxf5 71. Kxf5 Kg7 72. Kg5 f6+ 73. Kxh5 Kh7 74. Kg4 1-0

[Event "Moscow Aeroflot op-B 14th"]
[Site "Moscow"]
[Date "2015.03.31"]
[Round "5"]
[White "Tomnikova, Lidia"]
[Black "Palit, Somak"]
[Result "1/2-1/2"]
[WhiteElo "2232"]
[BlackElo "2415"]
[PlyCount "110"]
[EventDate "2015.03.27"]
[EventType "swiss"]
[EventRounds "9"]
[EventCountry "RUS"]
[SourceTitle "CBM 165 Extra"]
[Source "ChessBase"]
[SourceDate "2015.04.21"]
[SourceVersion "1"]
[SourceVersionDate "2015.04.21"]
[SourceQuality "1"]

1. e4 b6 2. d4 Bb7 3. Nc3 e6 4. Bd3 d6 5. Nf3 Nd7 6. 0-0 g6 7. Bg5 Ne7 8. Qd2 Bg7 9. Bh6 0-0 10. Bxg7 Kxg7 11. Qe2 a6 12. Rad1 c5 13. dxc5 bxc5 14. Rd2 Qc7 15. Rfd1 Nb6 16. b3 Rfe8 17. Qe3 d5 18. exd5 exd5 19. Qg5 f6 20. Qh4 d4 21. Ne4 Bxe4 22. Bxe4 Rad8 23. b4 Nc4 24. Re2 cxb4 25. Nxd4 Qb6 26. Bf3 Ne5 27. Ree1 Rd6 28. Nb3 Nxf3+ 29. gxf3 Nf5 30. Qc4 Rxe1+ 31. Rxe1 Qc6 32. Re4 Rd1+ 33. Kg2 Qxc4 34. Rxc4 g5 35. f4 g4 36. h3 h5 37. hxg4 hxg4 38. Rxb4 Kg6 39. f3 Nh4+ 40. Kg3 Rg1+ 41. Kxh4 gxf3 42. Nd2 f2 43. c4 Rd1 44. Nf1 Rxf1 45. Kg3 Ra1 46. Kxf2 Rxa2+ 47. Ke3 Kf5 48. c5 Rc2 49. Kd4 Rd2+ 50. Kc3 Rd1 51. Ra4 Rc1+ 52. Kd4 Rd1+ 53. Kc3 Rc1+ 54. Kd4 Rd1+ 55. Kc3 Rc1+ 1/2-1/2

[Event "IND-chT 35th"]
[Site "Goa"]
[Date "2015.02.26"]
[Round "9"]
[White "Himanshu, Sharma"]
[Black "Palit, Somak"]
[Result "1/2-1/2"]
[WhiteElo "2426"]
[BlackElo "2405"]
[PlyCount "46"]
[EventDate "2015.02.20"]
[EventType "team-swiss"]
[EventRounds "9"]
[EventCountry "IND"]
[SourceTitle "CBM 165 Extra"]
[Source "ChessBase"]
[SourceDate "2015.04.21"]
[SourceVersion "1"]
[SourceVersionDate "2015.04.21"]
[SourceQuality "1"]
[WhiteTeam "Railway Sports"]
[BlackTeam "Railway Sports II"]
[WhiteTeamCountry "IND"]
[BlackTeamCountry "IND"]

1. d4 Nf6 2. Nf3 g6 3. g3 Bg7 4. Bg2 0-0 5. 0-0 d5 6. c4 dxc4 7. Na3 Nc6 8. Nxc4 Be6 9. b3 Bd5 10. Bb2 a5 11. Rc1 a4 12. bxa4 Qb8 13. Nfe5 Bxg2 14. Kxg2 Ra6 15. Nxc6 Rxc6 16. d5 Ra6 17. Bxf6 Bxf6 18. e4 c6 19. Qb3 cxd5 20. exd5 b6 21. Rfd1 Rd8 22. Qb5 Qa7 23. d6 e6 1/2-1/2

[Event "IND-chT 35th"]
[Site "Goa"]
[Date "2015.02.25"]
[Round "8"]
[White "Palit, Somak"]
[Black "Kapil, Saxena"]
[Result "1-0"]
[WhiteElo "2405"]
[BlackElo "1959"]
[PlyCount "77"]
[EventDate "2015.02.20"]
[EventType "team-swiss"]
[EventRounds "9"]
[EventCountry "IND"]
[SourceTitle "CBM 165 Extra"]
[Source "ChessBase"]
[SourceDate "2015.04.21"]
[SourceVersion "1"]
[SourceVersionDate "2015.04.21"]
[SourceQuality "1"]
[WhiteTeam "Railway Sports II"]
[BlackTeam "All India CF"]
[WhiteTeamCountry "IND"]
[BlackTeamCountry "IND"]

1. e4 c5 2. Nf3 d6 3. Bc4 e6 4. 0-0 Nf6 5. Re1 Nbd7 6. d3 Be7 7. Bb3 b5 8. a4 b4 9. a5 Bb7 10. Nbd2 0-0 11. Nf1 Qc7 12. Ng3 Rac8 13. c3 d5 14. e5 Ne8 15. cxb4 c4 16. Bc2 Bxb4 17. Bd2 c3 18. bxc3 Bxa5 19. d4 Bxc3 20. Bxh7+ Kxh7 21. Rc1 Qa5 22. Qc2+ g6 23. Bxc3 Qd8 24. Qd2 Ng7 25. Ng5+ Kg8 26. Ba5 Nb6 27. Bb4 Nd7 28. Rxc8 Bxc8 29. Bxf8 Nxf8 30. Qf4 a5 31. Nxf7 Qe7 32. Nh6+ Kh7 33. Ng4 g5 34. Nf6+ Kg6 35. Qf3 Qb4 36. Qd3+ Nf5 37. Rc1 Bb7 38. Nxf5 exf5 39. Qh3 1-0

[Event "IND-chT 35th"]
[Site "Goa"]
[Date "2015.02.24"]
[Round "7"]
[White "Palit, Somak"]
[Black "Gokhale, Chandrashekhar"]
[Result "1-0"]
[WhiteElo "2405"]
[BlackElo "2233"]
[PlyCount "83"]
[EventDate "2015.02.20"]
[EventType "team-swiss"]
[EventRounds "9"]
[EventCountry "IND"]
[SourceTitle "CBM 165 Extra"]
[Source "ChessBase"]
[SourceDate "2015.04.21"]
[SourceVersion "1"]
[SourceVersionDate "2015.04.21"]
[SourceQuality "1"]
[WhiteTeam "Railway Sports II"]
[BlackTeam "Air India"]
[WhiteTeamCountry "IND"]
[BlackTeamCountry "IND"]

1. e4 e5 2. Nf3 Nc6 3. Bb5 Bc5 4. c3 Nf6 5. d4 Bb6 6. Bg5 h6 7. Bh4 Qe7 8. 0-0 g5 9. Bg3 0-0 10. Re1 exd4 11. Nxd4 Nxd4 12. cxd4 Qb4 13. Nc3 d6 14. e5 Bg4 15. Qc2 Nh5 16. a3 Qxd4 17. Rad1 Bxd1 18. Rxd1 Nxg3 19. Rxd4 Bxd4 20. hxg3 c6 21. Bd3 Bxe5 22. Qe2 Rfe8 23. Qg4 d5 24. f4 Bg7 25. Ne2 Re3 26. Qf5 Rae8 27. b4 Kf8 28. Kh2 R8e6 29. Ng1 g4 30. Ne2 h5 31. Kg1 Ke7 32. Kf2 Kf8 33. Ke1 Bb2 34. a4 a6 35. Kd2 Bg7 36. Qxh5 Ke8 37. Qxg4 Kf8 38. Qh4 Bf6 39. Qh5 b6 40. f5 R6e5 41. Qh6+ Ke7 42. Qxe3 1-0

[Event "IND-chT 35th"]
[Site "Goa"]
[Date "2015.02.23"]
[Round "5"]
[White "Stany, George Anthony"]
[Black "Palit, Somak"]
[Result "1/2-1/2"]
[WhiteElo "2381"]
[BlackElo "2405"]
[PlyCount "92"]
[EventDate "2015.02.20"]
[EventType "team-swiss"]
[EventRounds "9"]
[EventCountry "IND"]
[SourceTitle "CBM 165 Extra"]
[Source "ChessBase"]
[SourceDate "2015.04.21"]
[SourceVersion "1"]
[SourceVersionDate "2015.04.21"]
[SourceQuality "1"]
[WhiteTeam "Airports Authority"]
[BlackTeam "Railway Sports II"]
[WhiteTeamCountry "IND"]
[BlackTeamCountry "IND"]

1. e4 e6 2. d4 d5 3. e5 c5 4. c3 Nc6 5. Nf3 Bd7 6. Be2 f6 7. 0-0 fxe5 8. Nxe5 Nxe5 9. dxe5 Qc7 10. c4 0-0-0 11. Re1 Ne7 12. Nc3 Qxe5 13. cxd5 Nxd5 14. Bf3 Qd4 15. Qxd4 cxd4 16. Nxd5 exd5 17. Bg5 Bb4 18. Rec1+ Bc6 19. Bxd8 Kxd8 20. Rd1 Bc5 21. Rac1 Bb6 22. Be2 Kd7 23. Bd3 Kd6 24. Re1 Bd7 25. g3 Ba5 26. Re2 Bg4 27. Rec2 h6 28. Kg2 Rf8 29. f4 Re8 30. h3 Bd7 31. Re2 Re3 32. Rxe3 dxe3 33. g4 d4 34. Kf3 Bc6+ 35. Ke2 Bd8 36. Rg1 Bh4 37. b4 Bf2 38. Rc1 Bg3 39. Rc4 Bxf4 40. b5 Bg2 41. Rxd4+ Ke5 42. Ra4 Bg5 43. h4 Bxh4 44. Kxe3 Be7 45. Rc4 Bd5 46. Rc7 Kd6 1/2-1/2

[Event "Chittagong CJKS"]
[Site "Chittagong"]
[Date "2015.02.12"]
[Round "8"]
[White "Akshat, Khamparia"]
[Black "Palit, Somak"]
[Result "1/2-1/2"]
[WhiteElo "2415"]
[BlackElo "2405"]
[PlyCount "41"]
[EventDate "2015.02.05"]
[EventType "tourn"]
[EventRounds "9"]
[EventCountry "BAN"]
[EventCategory "6"]
[SourceTitle "CBM 164 Extra"]
[Source "ChessBase"]
[SourceDate "2015.03.02"]
[SourceVersion "1"]
[SourceVersionDate "2015.03.02"]
[SourceQuality "1"]

1. d4 d5 2. Nf3 Nf6 3. c4 c6 4. Nc3 a6 5. cxd5 cxd5 6. Bf4 Nc6 7. e3 Bf5 8. Bd3 Bxd3 9. Qxd3 e6 10. 0-0 Bd6 11. Bxd6 Qxd6 12. Rfc1 0-0 13. Na4 Nd7 14. Nc5 Nxc5 15. Rxc5 Rac8 16. Rac1 Ne7 17. Rxc8 Rxc8 18. Rxc8+ Nxc8 19. h3 g6 20. Qc3 Ne7 21. Ne5 1/2-1/2

[Event "Chittagong CJKS"]
[Site "Chittagong"]
[Date "2015.02.10"]
[Round "6"]
[White "Abu Sufian, Sakil"]
[Black "Palit, Somak"]
[Result "0-1"]
[WhiteElo "2352"]
[BlackElo "2405"]
[PlyCount "102"]
[EventDate "2015.02.05"]
[EventType "tourn"]
[EventRounds "9"]
[EventCountry "BAN"]
[EventCategory "6"]
[SourceTitle "CBM 164 Extra"]
[Source "ChessBase"]
[SourceDate "2015.03.02"]
[SourceVersion "1"]
[SourceVersionDate "2015.03.02"]
[SourceQuality "1"]

1. e4 g6 2. d4 Bg7 3. Nc3 d5 4. exd5 Nf6 5. Bc4 Nbd7 6. Nf3 0-0 7. 0-0 Nb6 8. Bb3 a5 9. a3 a4 10. Ba2 Nbxd5 11. Nxd5 Nxd5 12. c4 Nb6 13. h3 c5 14. d5 Qd6 15. Re1 h6 16. Be3 f5 17. Qc1 g5 18. Bd2 e5 19. dxe6 Bxe6 20. Bc3 Bf7 21. Bxg7 Kxg7 22. Qc2 Rae8 23. Rad1 Qf6 24. Nh2 Rxe1+ 25. Rxe1 Re8 26. Rxe8 Bxe8 27. Qe2 Bf7 28. g4 Qe6 29. Qd3 Qe4 30. Qc3+ Qd4 31. gxf5 Qxc3 32. bxc3 Bxc4 33. Bb1 h5 34. Nf3 Kf6 35. Nd2 Bd5 36. Bc2 Bc6 37. f3 Nc8 38. Ne4+ Bxe4 39. fxe4 Nd6 40. Kf2 Nb5 41. Bxa4 Nxc3 42. Bc2 Nb5 43. a4 Nd6 44. Ke3 Ke5 45. Bd3 b6 46. Bc2 Nc4+ 47. Kd3 g4 48. hxg4 hxg4 49. Ke2 g3 50. Bb3 g2 51. Kf2 Ne3 0-1

[Event "Chittagong CJKS"]
[Site "Chittagong"]
[Date "2015.02.05"]
[Round "1"]
[White "Mohammad, Minhaz Uddin"]
[Black "Palit, Somak"]
[Result "1-0"]
[WhiteElo "2438"]
[BlackElo "2405"]
[PlyCount "67"]
[EventDate "2015.02.05"]
[EventType "tourn"]
[EventRounds "9"]
[EventCountry "BAN"]
[EventCategory "6"]
[SourceTitle "CBM 164 Extra"]
[Source "ChessBase"]
[SourceDate "2015.03.02"]
[SourceVersion "1"]
[SourceVersionDate "2015.03.02"]
[SourceQuality "1"]

1. e4 e6 2. d4 d5 3. Nd2 Nc6 4. Ngf3 Nf6 5. e5 Nd7 6. c3 f6 7. exf6 Qxf6 8. Bd3 Bd6 9. Nf1 e5 10. Ne3 exd4 11. cxd4 Nb6 12. 0-0 Be6 13. a3 0-0 14. b4 Kh8 15. Bb2 Qh6 16. Ne5 Bxe5 17. dxe5 d4 18. Nc2 Nxe5 19. Be4 Bc4 20. Re1 Rad8 21. Nxd4 Qf4 22. f3 Nd3 23. Qc2 Nxe1 24. Rxe1 Rde8 25. g3 Qh6 26. g4 Bd5 27. Nf5 Rxf5 28. gxf5 Nc4 29. Re2 Nxb2 30. Bxd5 Qg5+ 31. Kh1 Rd8 32. Qxb2 c6 33. Qe5 h6 34. Qe8+ 1-0